Report on the fifth national conference on instruction in landscape architecture.

Saved in:
Bibliographic Details
Corporate Authors: National Conference on Instruction in Landscape Architecture University of Michigan), University of Michigan.
Format: Book
Language:English
Published: Ann Arbor, Mich. : University of Michigan, 1924.
Subjects:
Tags: Add Tag
No Tags, Be the first to tag this record!
LEADER 00827nam a22002057u 4500
001 000000302-6
005 20020606090541.3
008 821216|1924 ||||||| |||| |0||||eng|d
035 0 |a ocm77713124 
111 2 |a National Conference on Instruction in Landscape Architecture  |n (5th :  |d 1924 :  |c University of Michigan) 
245 1 0 |a Report on the fifth national conference on instruction in landscape architecture. 
260 0 |a Ann Arbor, Mich. :  |b University of Michigan,  |c 1924. 
300 |a 72 p. ;  |c 28 cm. 
500 |a Conference held June 19-21, 1924. 
500 |a Typescript. 
611 2 0 |a National Conference on Instruction in Landscape Architecture  |n (5th :  |d 1924 :  |c University of Michigan) 
650 0 |a Landscape architecture  |x Study and teaching  |x Congresses. 
710 2 |a University of Michigan. 
988 |a 20020608 
906 |0 MH